Văn học Nhật Bản

Bewaard in:
Bibliografische gegevens
Hoofdauteur: Nguyễn, Thị Khánh
Formaat: Boek
Taal:Undetermined
Gepubliceerd in: Hà Nội Thông tin Khoa học Xã hội - chuyên đề 1998
Onderwerpen:
Tags: Voeg label toe
Geen labels, Wees de eerste die dit record labelt!
Thư viện lưu trữ: Trung tâm Học liệu Trường Đại học Cần Thơ
LEADER 00603nam a2200193Ia 4500
001 CTU_140606
008 210402s9999 xx 000 0 und d
082 |a 895.6 
082 |b Kh107 
100 |a Nguyễn, Thị Khánh 
245 0 |a Văn học Nhật Bản 
245 0 |c Nguyễn Thị Khánh (chủ biên) ... [et al.] 
260 |a Hà Nội 
260 |b Thông tin Khoa học Xã hội - chuyên đề 
260 |c 1998 
650 |a Japan literature 
650 |x Study and teaching 
904 |i Quang Hiếu 
980 |a Trung tâm Học liệu Trường Đại học Cần Thơ